Contraloria práctica (Registro nro. 1983)
[ vista simple ]
| 000 -LEADER | |
|---|---|
| fixed length control field | 01862 a2200217 4500 |
| 001 - CONTROL NUMBER | |
| control field | 29947 |
| 005 - DATE AND TIME OF LATEST TRANSACTION | |
| control field | 20260407155610.0 |
| 008 - FIXED-LENGTH DATA ELEMENTS--GENERAL INFORMATION | |
| fixed length control field | 260407a1965 arg spa d |
| 003 - CONTROL NUMBER IDENTIFIER | |
| control field | AR-UNSa-BCEJYS |
| 040 ## - CATALOGING SOURCE | |
| Original cataloging agency | AR-UNSa-BCEJYS |
| Language of cataloging | spa |
| Transcribing agency | AR-UNSa-BCEJYS |
| 080 ## - UNIVERSAL DECIMAL CLASSIFICATION NUMBER | |
| Universal Decimal Classification number | 657.47 |
| Common auxiliary subdivision | Contabilidad de Costos |
| 100 1# - MAIN ENTRY--PERSONAL NAME | |
| Personal name | Anderson, David R. |
| 245 10 - TITLE STATEMENT | |
| Title | Contraloria práctica |
| 264 #1 - PRODUCTION, PUBLICATION, DISTRIBUTION, MANUFACTURE, AND COPYRIGHT NOTICE | |
| Place of production, publication, distribution, manufacture | México : |
| Name of producer, publisher, distributor, manufacturer | Unión Tipográfica Editorial Hispano-Americana (UTEHA) |
| Date of production, publication, distribution, manufacture, or copyright notice | 1965 |
| 300 ## - PHYSICAL DESCRIPTION | |
| Extent | 821 p. |
| Dimensions | 24 cm. |
| 505 ## - FORMATTED CONTENTS NOTE | |
| Formatted contents note | Parte I Funciones y organización - 1. Función del conttralor - 2. Función de la información legal - 3. Función del control de la propiedad - 4. El contralor y la función administrativa - 5. Organización del departamento del contralor - Parte II El contralor y las técnicas básicas - 6. El sistema de contabilidad - 7. Sistema de contabilidad-adaptaciones - 8. Costos de fabricación - 9. Costos de fabricación (continuación) - 10. Costos de fabricación (Conclusión) - 11. Costeo directo - 12. Costos administrativos y de distribución - 13. Costos administrativos y de distribución (Continuación) - 14. Control del inventario - 15. Valuación del inventario - 16. Valuación del inventario (Continuación) - 17. Normas y métodos de depreciación - 18. Estados e informes para la gerencia - 19. Estados e informes para la gerencia (Continuación) - 20. Estados e informes para la gerencia (Conclusión)- Parte III El contralor y la planeación anticipada - 21. Las normas y procedimientos del presupuesto - 22. Planeación de las ganancias - 23. Planeación y control de los gastos de fábrica - 24. Planeación y normas financieras - 25. Planeación anticipada - 26. Ataque a los problemas específicos - Problemas y casos |
| 590 ## - LOCAL NOTE (RLIN) | |
| Local note | niveau_biblio:m niveau_hierar:0 |
| 700 1# - ADDED ENTRY--PERSONAL NAME | |
| Personal name | Guasch Rubio, Luis |
| 700 1# - ADDED ENTRY--PERSONAL NAME | |
| Personal name | Schmidt, Leo A. |
| 942 ## - ADDED ENTRY ELEMENTS (KOHA) | |
| Koha item type | |
| Withdrawn status | Lost status | Damaged status | Not for loan | Home library | Current library | Shelving location | Date acquired | Total checkouts | Full call number | Barcode | Date last seen | Price effective from | Koha item type |
|---|---|---|---|---|---|---|---|---|---|---|---|---|---|
| Biblioteca Prof. Eusebio Cleto del Rey | Biblioteca Prof. Eusebio Cleto del Rey | 07/04/2026 | 657.47 A543 | L24566 | 07/04/2026 | 07/04/2026 | Libro | ||||||
| Biblioteca Prof. Eusebio Cleto del Rey | Biblioteca Prof. Eusebio Cleto del Rey | 07/04/2026 | 657.47 A543 | L24602 | 07/04/2026 | 07/04/2026 | Libro | ||||||
| Biblioteca Prof. Eusebio Cleto del Rey | Biblioteca Prof. Eusebio Cleto del Rey | 07/04/2026 | 657.47 A543 | L24603 | 07/04/2026 | 07/04/2026 | Libro |